<?xml version='1.0' encoding='UTF-8'?><?xml-stylesheet href='static/style.xsl' type='text/xsl'?><OAI-PMH xmlns="http://www.openarchives.org/OAI/2.0/" xmlns:xsi="http://www.w3.org/2001/XMLSchema-instance" xsi:schemaLocation="http://www.openarchives.org/OAI/2.0/ http://www.openarchives.org/OAI/2.0/OAI-PMH.xsd"><responseDate>2026-04-30T15:19:30Z</responseDate><request verb="GetRecord" identifier="oai:ebiltegia.mondragon.edu:20.500.11984/4181" metadataPrefix="marc">https://ebiltegia.mondragon.edu/oai/request</request><GetRecord><record><header><identifier>oai:ebiltegia.mondragon.edu:20.500.11984/4181</identifier><datestamp>2024-01-04T21:56:54Z</datestamp><setSpec>com_20.500.11984_1736</setSpec><setSpec>com_20.500.11984_1627</setSpec><setSpec>col_20.500.11984_1972</setSpec></header><metadata><record xmlns="http://www.loc.gov/MARC21/slim" xmlns:dcterms="http://purl.org/dc/terms/" xmlns:xsi="http://www.w3.org/2001/XMLSchema-instance" xmlns:doc="http://www.lyncode.com/xoai" xsi:schemaLocation="http://www.loc.gov/MARC21/slim http://www.loc.gov/standards/marcxml/schema/MARC21slim.xsd">
   <leader>00925njm 22002777a 4500</leader>
   <datafield ind2=" " ind1=" " tag="042">
      <subfield code="a">dc</subfield>
   </datafield>
   <datafield ind2=" " ind1=" " tag="720">
      <subfield code="a">Mondragon Unibertsitatea</subfield>
      <subfield code="e">author</subfield>
   </datafield>
   <datafield ind2=" " ind1=" " tag="260">
      <subfield code="c">2015-02-16</subfield>
   </datafield>
   <datafield ind2=" " ind1=" " tag="520">
      <subfield code="a">Abian jarri da Goikolab komunikazio berrikuntzarako laborategiaren bigarren edizioa. Ikasturte honetan, Ikus-entzunezko Komunikazioa graduko bost taldek egingo dute euren Gradu Bukaerako Lana (GBL) Aretxabaletako campusean kokatuta dagoen laborategian. Oraingoan gainera, lanean jardungo diren zenbait talde diziplinartekoak izango dira, hala, proiektu berean elkarlanean ibiliko dira MONDRAGON UNIBERTSITATEko gradu eta master desberdinetako ikasleak. Humanitate eta Hezkuntza Zientzien Fakultateak kudeatzen du Goikolab komunikazio berrikuntzarako laborategia.</subfield>
   </datafield>
   <datafield ind2=" " ind1=" " tag="520">
      <subfield code="a">Los estudiantes de cuarto curso del grado de Comunicación audiovisual han comenzado a realizar sus Trabajos de Fin de Grado (TFG) en el laboratorio de innovación en comunicación Goikolab. En el presente curso son cinco los grupos, algunos de ellos interdisciplinares formados por estudiantes de diferentes grados y másteres universitarios de MONDRAGON UNIBERTSITATEA, que llevarán a cabo sus TFG en el laboratorio de innovación que la Facultad de Humanidades y Ciencias de la Educación tiene en el campus de Aretxabaleta.</subfield>
   </datafield>
   <datafield ind1="8" ind2=" " tag="024">
      <subfield code="a">https://hdl.handle.net/20.500.11984/4181</subfield>
   </datafield>
   <datafield tag="653" ind2=" " ind1=" ">
      <subfield code="a">Humanitate eta Hezkuntza Zientzien Fakultatea</subfield>
   </datafield>
   <datafield ind2="0" ind1="0" tag="245">
      <subfield code="a">Ekin diote lanari Goikolab komunikazio berrikuntzarako laborategiko aurtengo ikasleak</subfield>
   </datafield>
   <datafield ind2="0" ind1="0" tag="245">
      <subfield code="a">En marcha la segunda edición del laboratorio de innovación en comunicación Goikolab</subfield>
   </datafield>
</record></metadata></record></GetRecord></OAI-PMH>